How to succeed as an independent consultant
No matter what your field of expertise, this book will help you win clients through a variety of practical, proven techniques you'll find only here. Packed with real-world, effective business-driving tactics-as well as up-to-the-minute advice on getting the most out of new technologies-this hel...
में बचाया:
| मुख्य लेखक: | |
|---|---|
| स्वरूप: | पुस्तक |
| भाषा: | Undetermined |
| प्रकाशित: |
Hoboken, N.J.
John Wiley & Sons, Inc.
2004
|
| विषय: | |
| टैग : |
टैग जोड़ें
कोई टैग नहीं, इस रिकॉर्ड को टैग करने वाले पहले व्यक्ति बनें!
|
| Thư viện lưu trữ: | Trung tâm Học liệu Trường Đại học Cần Thơ |
|---|
| LEADER | 01079nam a2200217Ia 4500 | ||
|---|---|---|---|
| 001 | CTU_137884 | ||
| 008 | 210402s9999 xx 000 0 und d | ||
| 020 | |c 34.95 | ||
| 082 | |a 658.46 | ||
| 082 | |b H758 | ||
| 100 | |a Holtz, Herman | ||
| 245 | 0 | |a How to succeed as an independent consultant | |
| 245 | 0 | |c Herman Holtz, David Zahn | |
| 260 | |a Hoboken, N.J. | ||
| 260 | |b John Wiley & Sons, Inc. | ||
| 260 | |c 2004 | ||
| 520 | |a No matter what your field of expertise, this book will help you win clients through a variety of practical, proven techniques you'll find only here. Packed with real-world, effective business-driving tactics-as well as up-to-the-minute advice on getting the most out of new technologies-this helpful guide will show you how to market yourself in new ways, soar over IRS hurdles, and grow your home-office operation into a thriving practice. | ||
| 650 | |a Business consultants,Management,Tư vấn kinh tế,Quản trị | ||
| 650 | |x Consultancy,Tư vấn | ||
| 904 | |i Giang | ||
| 980 | |a Trung tâm Học liệu Trường Đại học Cần Thơ | ||